Město dobré pro život : Sborník z konference AUÚP ČR, Poděbrady 15. - 16. září 2022 /

Gespeichert in:
Bibliographische Detailangaben
Weitere Verfasser: Blatová, Tamara (Herausgegeben von)
Format: Buch
Sprache:Tschechisch
Veröffentlicht: Brno : Ústav územního rozvoje, 2022
Praha : Ministerstvo pro místní rozvoj ČR, 2022
Praha : Asociace pro urbanismus a územní plánování ČR, 2022
Ausgabe:1. vydanie
Schlagworte:
Tags: Tag hinzufügen
Keine Tags, Fügen Sie das erste Tag hinzu!

MARC

LEADER 00000nam a22000003a 4500
001 0115705
003 SK-STU
005 20250602142128.8
007 ta
008 250602s ----xo-----e------000-0-----d
020 |a 978-80-7663-037-6 
040 |a STU  |b slo 
041 0 |a cze 
044 |a xr 
100 1 |a Blatová, Tamara  |4 edt 
245 1 0 |a Město dobré pro život :  |b Sborník z konference AUÚP ČR, Poděbrady 15. - 16. září 2022 /  |c ed. Tamara Blatová 
246 3 1 |b Mimořádná příloha časopisu Urbanismus a územní rozvoj č. 5/2022 
250 |a 1. vydanie 
260 |a Brno :  |b Ústav územního rozvoje,  |c 2022 
260 |a Praha :  |b Ministerstvo pro místní rozvoj ČR,  |c 2022 
260 |a Praha :  |b Asociace pro urbanismus a územní plánování ČR,  |c 2022 
300 |a 66 s. 
650 0 7 |a urbanizmus a územné plánovanie 
650 0 7 |a mestský verejný priestor 
650 0 7 |a námestie 
650 0 7 |a Poděbrady 
650 0 7 |a Kolín 
650 0 7 |a Prešov 
650 0 7 |a manuál verejných priestranstiev 
650 0 7 |a bývanie 
650 0 7 |a sociálne bývanie 
996 |b 284AU10400  |c A* 13603/U  |l AAKNAR  |s A  |a 24  |w 0115705_0001